00870 a2200193 4500003000500000005001700005010001700022020003300039040000900072082001500081100001800096245003700114260004300151300003400194505037400228650002500602650002600627650002300653NUST20221206123300.0 a 2003052710 a0262025493 (hc : alk. paper) cNust00a153.32,BUR1 aBurnett, Ron,10aHow images think /cRon Burnett. aCambridge, Mass. :bMIT Press,cc2004. axxi, 253 p. :bill. ;c24 cm. aVoltage Point and Image Words (Page-1), Images capes Mind and Body (Page-39), Foundations of Virtual Images (Page-57), Imagescapes as Ecology (Page-71), Simulation/ Viewing /Immersion (Page-93), Humans ------------Machines (Page-117), Computer Games and the Aesthetics of Human and Nonhuman Interaction(Page-199), Reanimating the World Waves of Interaction(Page-222).  0aImagery (Psychology) 0aThought and thinking. 0aVisual perception.